Pokémon by Type Combinations #7 - Statistics

General Stats
  • This quiz has been taken 96 times
  • The average score is 17 of 27
Answer Stats
Type Answer % Correct
Water/Rock Kabutops
89%
Dark/Flying Honchkrow
84%
Water/Rock Omastar
84%
Bug/Fire Volcarona
84%
Dragon/Electric Zekrom
84%
Water/Rock Relicanth
77%
Water/Rock Carracosta
74%
Grass/Fairy Whimsicott
74%
Dark/Flying Yveltal
71%
Bug/Fire Centiskorch
70%
Water/Rock Corsola
69%
Normal/Psychic Farigiraf
61%
Normal/Psychic Indeedee
61%
Water/Rock Barbaracle
60%
Dark/Flying Mandibuzz
60%
Dark/Flying Bombirdier
59%
Dragon/Electric Miraidon
59%
Grass/Fairy Shiinotic
57%
Dragon/Electric Raging Bolt
54%
Dragon/Electric Dracozolt
50%
Normal/Psychic Oranguru
50%
Grass/Fairy Tapu Bulu
47%
Water/Rock Drednaw
46%
Dark/Flying Iron Jugulis
46%
Dark/Flying Galarian Moltres
43%
Normal/Psychic Meloetta
39%
Normal/Psychic Wyrdeer
36%
No matching quizzes found
Score Distribution
Percent of People with Each Score
Percentile by Number Answered
Your Score History
You have not taken this quiz